<?xml version="1.0" encoding="UTF-8"?>
<record
    xmlns:xsi="http://www.w3.org/2001/XMLSchema-instance"
    xsi:schemaLocation="http://www.loc.gov/MARC21/slim http://www.loc.gov/standards/marcxml/schema/MARC21slim.xsd"
    xmlns="http://www.loc.gov/MARC21/slim">

  <leader>02323nam a2200277 u 4500</leader>
  <controlfield tag="001">5072</controlfield>
  <controlfield tag="003">CO-MdUADB</controlfield>
  <controlfield tag="005">20260428104433.0</controlfield>
  <controlfield tag="008">950927s1971                        spa  </controlfield>
  <datafield tag="020" ind1=" " ind2=" ">
    <subfield code="a">8402054935</subfield>
  </datafield>
  <datafield tag="035" ind1=" " ind2=" ">
    <subfield code="a">5072</subfield>
  </datafield>
  <datafield tag="035" ind1=" " ind2=" ">
    <subfield code="a">(OCoLC)778123601</subfield>
  </datafield>
  <datafield tag="040" ind1=" " ind2=" ">
    <subfield code="c">comduadb</subfield>
  </datafield>
  <datafield tag="041" ind1=" " ind2=" ">
    <subfield code="a">spa</subfield>
  </datafield>
  <datafield tag="082" ind1=" " ind2="4">
    <subfield code="a">843</subfield>
  </datafield>
  <datafield tag="100" ind1="1" ind2="0">
    <subfield code="a">Rebelais, Francois</subfield>
    <subfield code="4">aut</subfield>
    <subfield code="e">aut</subfield>
    <subfield code="9">472118</subfield>
  </datafield>
  <datafield tag="245" ind1="1" ind2="0">
    <subfield code="a">Gargant&#xFA;a y Pantagruel</subfield>
  </datafield>
  <datafield tag="260" ind1=" " ind2=" ">
    <subfield code="a">M&#xE9;xico :</subfield>
    <subfield code="b">Bruguera,</subfield>
    <subfield code="c">1971.</subfield>
  </datafield>
  <datafield tag="300" ind1=" " ind2=" ">
    <subfield code="a">893 p&#xE1;ginas.</subfield>
  </datafield>
  <datafield tag="505" ind1=" " ind2=" ">
    <subfield code="a">CONTENIDO : Presentaci&#xF3;n. -- Libro primero. -- D&#xE9;cima de maese Hugues Salel al autor de este libro. -- Pr&#xF3;logo del autor. -- I: Del origen y antig&#xFC;edad del gran Pantagruel. -- II: Del nacimiento del muy temido Pantagruel. -- III: Del pesar que sinti&#xF3; Gargant&#xFA;a a la muerte de su mujer Badebec. -- IV: De la infancia de Pantagruel. -- V: De los hechos del noble Pantagruel durante su juventud. -- VI: En el que Pantagruel encuentra a un lemos&#xED;n que desfigura la lengua francesa. -- VII: De como Pantagruel vino a Pa&#xED;s, y de los hermosos libros de la librer&#xED;a de Saint-Victor. -- VIII: De c&#xF3;mo encontr&#xE1;ndose Pantagruel en Par&#xED;s recibi&#xF3; carta de su padre y la copia de la misma. -- IX: De c&#xF3;mo Pantagruel encontr&#xF3; a Panurgo, a quien am&#xF3; toda su vida. -- X:  De c&#xF3;mo Pantagruel juzg&#xF3; equitativamente en una controversia maravillosamente oscura y dif&#xED;cil, con tanta justicia que su fallo fue considerado muy admirable. -- XI: De c&#xF3;mo los se&#xF1;ores de Besaculo y Husmeavano pleitearon ante Pantagruel sin abogados. -- XII: De c&#xF3;mo el se&#xF1;or de Husmeavano informa ante Pantagruel. --  XIII: De c&#xF3;mo Pantagruel dict&#xF3; sentencia en el pleito de los dos se&#xF1;ores.</subfield>
  </datafield>
  <datafield tag="520" ind1="3" ind2=" ">
    <subfield code="a">RESUMEN: Gargant&#xFA;a y Pantagruel es un conjunto de cinco novelas escritas en el siglo XVI por Fran&#xE7;ois Rabelais, en franc&#xE9;s. Narra la historia de dos gigantes, Gargant&#xFA;a y su hijo Pantagruel, y sus aventuras, escritas de forma sat&#xED;rica, entretenida y extravagante. Hay gran crudeza y mucho humor escatol&#xF3;gico, adem&#xE1;s de una buena dosis de violencia. Largas listas de insultos vulgares llenan varios cap&#xED;tulos.</subfield>
  </datafield>
  <datafield tag="650" ind1="1" ind2="7">
    <subfield code="a">Novela francesa</subfield>
    <subfield code="2">lemb</subfield>
    <subfield code="9">70</subfield>
  </datafield>
  <datafield tag="700" ind1="1" ind2="0">
    <subfield code="a">Doumerc, Beatriz</subfield>
    <subfield code="4">aut</subfield>
    <subfield code="0">(isni)0000000066388897</subfield>
    <subfield code="0">(viaf)26278116</subfield>
    <subfield code="e">aut</subfield>
    <subfield code="9">256338</subfield>
  </datafield>
  <datafield tag="700" ind1="1" ind2="0">
    <subfield code="a">Dor&#xE9;, Gustave</subfield>
    <subfield code="4">ill</subfield>
    <subfield code="e">ill</subfield>
    <subfield code="9">356226</subfield>
  </datafield>
  <datafield tag="942" ind1=" " ind2=" ">
    <subfield code="c">BOOK</subfield>
    <subfield code="2">ddc</subfield>
  </datafield>
  <datafield tag="999" ind1=" " ind2=" ">
    <subfield code="c">5014</subfield>
    <subfield code="d">5014</subfield>
  </datafield>
  <datafield tag="952" ind1=" " ind2=" ">
    <subfield code="0">0</subfield>
    <subfield code="1">0</subfield>
    <subfield code="4">0</subfield>
    <subfield code="7">0</subfield>
    <subfield code="8">COLIT</subfield>
    <subfield code="a">BC</subfield>
    <subfield code="b">BC</subfield>
    <subfield code="d">2001-05-08</subfield>
    <subfield code="e">Material adquirido por donaci&#xF3;n</subfield>
    <subfield code="i">C680190</subfield>
    <subfield code="l">3</subfield>
    <subfield code="o">843 R114 e2</subfield>
    <subfield code="p">61000003908403</subfield>
    <subfield code="r">2025-03-14 15:00:48</subfield>
    <subfield code="s">2025-02-06</subfield>
    <subfield code="t">1</subfield>
    <subfield code="w">2023-04-20</subfield>
    <subfield code="y">BOOK</subfield>
  </datafield>
  <datafield tag="952" ind1=" " ind2=" ">
    <subfield code="0">0</subfield>
    <subfield code="1">0</subfield>
    <subfield code="2">ddc</subfield>
    <subfield code="4">0</subfield>
    <subfield code="7">0</subfield>
    <subfield code="8">COLIT</subfield>
    <subfield code="a">BC</subfield>
    <subfield code="b">BC</subfield>
    <subfield code="d">1997-12-09</subfield>
    <subfield code="i">C6396</subfield>
    <subfield code="l">2</subfield>
    <subfield code="o">843 R114</subfield>
    <subfield code="p">61000001211024</subfield>
    <subfield code="r">2025-10-07 09:05:35</subfield>
    <subfield code="s">2025-08-29</subfield>
    <subfield code="t">2</subfield>
    <subfield code="w">2023-04-20</subfield>
    <subfield code="y">BOOK</subfield>
  </datafield>
</record>
